Rozpoznaj postacie League of Legends po zdjęciu [poziom bardzo trudny] - Statystyki

Ogólne statystyki
  • Ten quiz został rozwiązany 50 razy
  • Średni wynik to 18 z 20
Statystyki odpowiedzi
Obrazkowy Odpowiedź % Poprawnych
Draven
96%
Kog Maw
96%
LeBlanc
96%
Mordekaiser
96%
Urgot
96%
Zyra
96%
Camille
93%
Akshan
91%
Gwen
91%
Kled
91%
Neeko
91%
Udyr
91%
Cassiopeia
89%
Jhin
89%
Ornn
89%
Illaoi
87%
Vex
87%
Rell
85%
Quinn
83%
Qiyana
70%
Nie znaleziono quizów pasujących do podanych kryteriów
Rozkład punktacji
Procent ludzi z każdym wynikiem
Percentyl według liczby udzielonych odpowiedzi
Twoja historia wyników
Nie rozwiązałeś tego quizu